[Event "European Rapid 2022"]
[Site "Katowice POL"]
[Date "2022.12.18"]
[Round "9.6"]
[White "Drozdowski, Kacper"]
[Black "Pultinevicius, Paulius"]
[Result "1/2-1/2"]
[WhiteTitle "IM"]
[BlackTitle "GM"]
[WhiteElo "2448"]
[BlackElo "2561"]
[WhiteFideId "1136720"]
[BlackFideId "12809390"]
[EventDate "2022.12.17"]

1. e4 c6 2. d4 d5 3. Nc3 dxe4 4. Nxe4 Nf6 5. Nxf6+ exf6 6. c3 Bd6 7. Bd3 O-O 8.
Qc2 Re8+ 9. Ne2 h5 10. Bd2 Nd7 11. O-O-O Nf8 12. Ng3 g6 13. Ne4 Be7 14. h4 Be6
15. Kb1 b5 16. c4 bxc4 17. Bxc4 Bd5 18. Bxd5 Qxd5 19. f3 Ne6 20. Bc3 f5 21. Nc5
Bf6 22. g4 fxg4 23. fxg4 hxg4 24. h5 gxh5 25. Rhf1 Bg7 26. Rf5 Qd6 27. Ne4 Qc7
28. Rxh5 Qf4 29. Rhh1 f5 30. Nf2 Rad8 31. Nd3 Qg5 32. Nb4 Rd6 33. Rdf1 f4 34.
Qh7+ Kf7 35. Rh5 Rh8 36. Rxg5 Rxh7 37. Rxg4 Bxd4 38. Bxd4 Rxd4 39. Nxc6 Ra4 40.
b3 Re4 41. Nxa7 Rh2 42. Nb5 Ree2 43. Nd4 Rb2+ 44. Kc1 Rxa2 45. Kb1 Raf2 46. Rxf2
Rxf2 47. Nc2 Kf6 48. b4 Kf5 49. Rg1 Re2 50. Kc1 f3 51. Rf1 Ke4 52. b5 f2 53. Kd1
Kf3 54. Ne1+ Rxe1+ 55. Rxe1 fxe1=Q+ 56. Kxe1 1/2-1/2

[Event "European Rapid 2022"]
[Site "Katowice POL"]
[Date "2022.12.18"]
[Round "9.7"]
[White "Seo, Jung Min"]
[Black "Grandelius, Nils"]
[Result "1/2-1/2"]
[WhiteTitle "IM"]
[BlackTitle "GM"]
[WhiteElo "2502"]
[BlackElo "2660"]
[WhiteFideId "1734687"]
[BlackFideId "1710400"]
[EventDate "2022.12.17"]

1. c4 e5 2. g3 Nf6 3. Bg2 c6 4. Nf3 e4 5. Nd4 Qb6 6. Nc2 d5 7. cxd5 cxd5 8. O-O
Be7 9. d3 O-O 10. Nc3 Rd8 11. Be3 Qa6 12. dxe4 dxe4 13. Nd4 Nc6 14. Nxc6 Qxc6
15. Qc2 Bf5 16. Bg5 Rac8 17. Rfd1 Rxd1+ 18. Rxd1 h6 19. Bxf6 Bxf6 20. Bxe4 Bxe4
21. Qxe4 Bxc3 22. Qxc6 Rxc6 23. bxc3 Rxc3 24. Rd8+ Kh7 25. Rd7 Ra3 26. Rxb7 Rxa2
27. Rxf7 Rxe2 28. Rxa7 h5 29. Kg2 Rb2 30. h3 Rb3 31. g4 hxg4 32. hxg4 Kg6 33. f4
Kf6 34. Ra6+ Kf7 35. f5 Rc3 36. Kf2 Rb3 37. Re6 Ra3 38. Rc6 Rb3 39. Kg2 Ra3 40.
g5 Ra5 41. g6+ Ke7 42. Rc7+ Kf6 43. Rf7+ Kg5 44. f6 Kxg6 45. Rxg7+ Kxf6 46. Rg3
Rg5 47. Kf2 Rxg3 48. Kxg3 1/2-1/2

[Event "European Rapid 2022"]
[Site "Katowice POL"]
[Date "2022.12.18"]
[Round "9.8"]
[White "Klekowski, Maciej"]
[Black "Ziska, Helgi Dam"]
[Result "1/2-1/2"]
[WhiteTitle "GM"]
[BlackTitle "GM"]
[WhiteElo "2477"]
[BlackElo "2546"]
[WhiteFideId "1132717"]
[BlackFideId "7200595"]
[EventDate "2022.12.17"]

1. c4 g6 2. Nc3 Bg7 3. g3 d6 4. Bg2 e5 5. e4 Nc6 6. d3 f5 7. exf5 Bxf5 8. Nge2
Qd7 9. h3 Nf6 10. Be3 O-O 11. g4 Be6 12. Nd5 Bxd5 13. cxd5 Nb4 14. Qb3 Qb5 15.
O-O-O e4 16. dxe4 Qxe2 17. Qxb4 a5 18. Qd2 Qc4+ 19. Qc2 Qxa2 20. Rd3 b5 21. Ra3
Qc4 22. Qxc4 bxc4 23. Rc3 Nd7 24. Rxc4 Ne5 25. Rxc7 Rfc8 26. Rxc8+ Rxc8+ 27. Kb1
Nd3 28. Ka2 Rc2 29. Rb1 Bxb2 30. Bf1 Bd4+ 31. Kb3 Rc3+ 32. Ka4 Nc5+ 33. Kxa5
Bxe3 34. fxe3 Rxe3 35. Kb6 Nxe4 36. Kc6 Rc3+ 37. Kd7 Kf7 38. Bg2 Nf6+ 39. Kxd6
Ne8+ 40. Ke5 Re3+ 41. Be4 Kf8 42. Rb8 Ke7 43. Rb7+ Kd8 44. Ra7 g5 45. d6 Re1 46.
Ra8+ Kd7 47. Ra7+ Kd8 48. Ra8+ Kd7 49. Ra7+ Kd8 50. Rxh7 Rxe4+ 51. Kxe4 Nf6+ 52.
Kf5 Nxh7 53. Kg6 Nf8+ 54. Kxg5 Kd7 55. Kf6 Kxd6 56. h4 Nd7+ 57. Kg7 Ne5 58. g5
Nf3 59. h5 Nxg5 60. h6 Ke7 61. Kg6 Nf7 62. h7 Kf8 63. Kf6 Nh8 64. Ke6 Kg7 65.
Ke7 Kxh7 1/2-1/2

[Event "European Rapid 2022"]
[Site "Katowice POL"]
[Date "2022.12.18"]
[Round "9.9"]
[White "Mastrovasilis, Dimitrios"]
[Black "Manik, Mikulas"]
[Result "1/2-1/2"]
[WhiteTitle "GM"]
[BlackTitle "GM"]
[WhiteElo "2605"]
[BlackElo "2359"]
[WhiteFideId "4202694"]
[BlackFideId "14900734"]
[EventDate "2022.12.17"]

1. e4 c5 2. Nf3 Nc6 3. d4 cxd4 4. Nxd4 Nf6 5. Nc3 d6 6. f3 e5 7. Nb3 Be6 8. Be3
Be7 9. Nd5 Bxd5 10. exd5 Nb4 11. c4 a5 12. Be2 O-O 13. O-O b6 14. Qd2 Nd7 15. a3
Na6 16. Rae1 f5 17. f4 a4 18. Nc1 Nac5 19. Na2 exf4 20. Bxf4 Ne4 21. Qc1 g5 22.
Be3 f4 23. Bd4 Bf6 24. Qd1 Ne5 25. Nb4 Qc7 26. Nc6 Nc5 27. Bc3 Nb3 28. Kh1 Rf7
29. Bf3 Nxf3 30. Qxf3 Qd7 31. Bxf6 Rxf6 32. Qh5 Qg7 33. Re7 Qh6 34. Qg4 Raf8 35.
Re6 Nd2 36. Rfe1 Nxc4 37. Rxf6 Qxf6 38. h4 f3 39. gxf3 Qxf3+ 40. Qxf3 Rxf3 41.
hxg5 Rf2 42. Kg1 Rxb2 43. Re7 b5 44. Nd4 b4 45. Ne6 bxa3 46. Rg7+ Kh8 47. Ra7
Rb8 48. Rxa4 Ne3 49. Rxa3 Nxd5 50. Rd3 Re8 51. Rxd5 Rxe6 52. Kf2 Kg7 53. Kf3 Kf7
54. Kf4 Ke7 55. Ra5 Kf7 56. Kf5 Re1 57. Ra7+ Re7 58. Ra5 Rc7 59. Ra6 Rc5+ 60.
Kg4 Rd5 61. Kh5 Rd1 62. Ra7+ Kg8 1/2-1/2

[Event "European Rapid 2022"]
[Site "Katowice POL"]
[Date "2022.12.18"]
[Round "9.10"]
[White "Alexakis, Dimitris"]
[Black "Sargsyan, Shant"]
[Result "1-0"]
[WhiteTitle "IM"]
[BlackTitle "GM"]
[WhiteElo "2486"]
[BlackElo "2645"]
[WhiteFideId "4277023"]
[BlackFideId "13306766"]
[EventDate "2022.12.17"]

1. e4 e5 2. Nf3 Nc6 3. Bb5 a6 4. Ba4 Nf6 5. Bxc6 dxc6 6. d3 Nd7 7. Nbd2 Be7 8.
Nc4 f6 9. O-O Nc5 10. Nh4 O-O 11. Nf5 Bxf5 12. exf5 b5 13. Na5 Qd5 14. c4 Qxd3
15. Nxc6 Rf7 16. Be3 Qxd1 17. Rfxd1 Ne4 18. Nxe7+ Rxe7 19. c5 a5 20. h4 g6 21.
g4 gxf5 22. gxf5 Rg7+ 23. Kh2 h5 24. f3 Ng3 25. Bh6 Rh7 26. Kxg3 Rxh6 27. Rd7
Rh7 28. Rad1 Rxd7 29. Rxd7 Ra7 30. Kf2 b4 31. Ke3 a4 32. Kd3 Kf8 33. Kc4 b3 34.
axb3 axb3 35. Kxb3 Ke8 36. c6 Ra1 37. Rxc7 Rf1 38. Rh7 Kd8 39. Kc4 Rxf3 40. b4
e4 41. b5 e3 42. b6 Rf4+ 43. Kd5 e2 44. c7+ Kc8 45. Rh8+ 1-0

[Event "European Rapid 2022"]
[Site "Katowice POL"]
[Date "2022.12.18"]
[Round "9.11"]
[White "Tregubov, Pavel V."]
[Black "Cramling, Pia"]
[Result "1/2-1/2"]
[WhiteTitle "GM"]
[BlackTitle "GM"]
[WhiteElo "2553"]
[BlackElo "2463"]
[WhiteFideId "4115341"]
[BlackFideId "1700030"]
[EventDate "2022.12.17"]

1. e4 c5 2. Nf3 e6 3. c3 d5 4. e5 d4 5. d3 Bd7 6. g3 Bc6 7. Bg2 Ne7 8. cxd4 cxd4
9. O-O Nf5 10. Bg5 Be7 11. Bxe7 Qxe7 12. Nbd2 O-O 13. Nb3 Rd8 14. Bh3 Bxf3 15.
Qxf3 Nc6 16. Rfe1 g6 17. Qf4 Rac8 18. a3 Rd5 19. Rac1 Rcd8 20. Bg2 Rb5 21. Nd2
g5 22. Qe4 Rxe5 23. Qg4 Rxe1+ 24. Rxe1 Ng7 25. Nc4 h6 26. Bxc6 bxc6 27. Ne5 Qc7
28. Qe4 Rd6 29. Rc1 f5 30. Qe2 c5 31. b4 Rd5 32. f4 Qb6 33. Rc4 cxb4 34. axb4
Qa6 35. Qb2 Qa4 36. Qc2 Qxc2 37. Rxc2 gxf4 38. gxf4 Nh5 39. Nc6 Rd7 40. Rf2 a6
41. Kg2 Rd6 42. Ne5 Rb6 43. Kf3 Rxb4 44. Rg2+ Kh7 45. Rc2 Rb1 46. Rc7+ Kg8 47.
Rc8+ Kg7 48. Rc7+ Kg8 49. Rc8+ Kg7 50. Rc7+ 1/2-1/2

[Event "European Rapid 2022"]
[Site "Katowice POL"]
[Date "2022.12.18"]
[Round "9.12"]
[White "Piorun, Kacper"]
[Black "Paehtz, Elisabeth"]
[Result "0-1"]
[WhiteTitle "GM"]
[BlackTitle "GM"]
[WhiteElo "2611"]
[BlackElo "2464"]
[WhiteFideId "1130420"]
[BlackFideId "4641833"]
[EventDate "2022.12.17"]

1. d4 Nf6 2. Nf3 g6 3. g3 Bg7 4. Bg2 O-O 5. O-O d6 6. a4 c6 7. a5 Na6 8. b3 Bf5
9. Bb2 Nb4 10. c3 Na6 11. Nbd2 c5 12. Nh4 Bc8 13. e4 cxd4 14. cxd4 Bg4 15. Qb1
Ne8 16. h3 Bd7 17. e5 Bb5 18. Bxb7 Rb8 19. Qe4 dxe5 20. Bxa6 Bxa6 21. Rfd1 exd4
22. Ndf3 Nd6 23. Qe1 Nb5 24. Ne5 Qd5 25. Nhf3 Bxe5 26. Nxe5 Bb7 27. Kf1 f6 28.
Nc4 e5 29. Ke2 Qf3+ 30. Kd2 Qxb3 31. Rdc1 Bd5 32. Qf1 Rfc8 33. Qd3 0-1

[Event "European Rapid 2022"]
[Site "Katowice POL"]
[Date "2022.12.18"]
[Round "9.13"]
[White "Samunenkov, Ihor"]
[Black "Sahidi, Samir"]
[Result "1-0"]
[WhiteTitle "IM"]
[BlackTitle "IM"]
[WhiteElo "2488"]
[BlackElo "2494"]
[WhiteFideId "14187086"]
[BlackFideId "14936372"]
[EventDate "2022.12.17"]

1. d4 Nf6 2. c4 e6 3. Nc3 Bb4 4. e3 c5 5. Ne2 cxd4 6. exd4 b6 7. a3 Bxc3+ 8.
Nxc3 Bb7 9. d5 O-O 10. Be2 h6 11. O-O Na6 12. Bf4 Nc5 13. Bf3 exd5 14. Nxd5 Nxd5
15. Bxd5 Qf6 16. Bd6 Bxd5 17. Qxd5 Rfe8 18. Bxc5 bxc5 19. b4 cxb4 20. axb4 Qe6
21. Qd4 a6 22. h3 Qc6 23. Rfe1 Rxe1+ 24. Rxe1 Rb8 25. c5 Qb5 26. Re7 Qxb4 27.
Re8+ Kh7 28. Qd3+ g6 29. Rxb8 Qxb8 30. Qxd7 Qf4 31. g3 Qc1+ 32. Kg2 Qc4 33. c6
Qe4+ 34. Kh2 Kg7 35. c7 Qc2 36. Kg1 Qb1+ 37. Kg2 Qe4+ 38. Kf1 Qb1+ 39. Ke2 Qe4+
40. Kd2 Qb4+ 41. Ke3 Qc3+ 42. Ke4 Qc2+ 43. Ke5 Qc5+ 44. Ke4 Qc2+ 45. Kf3 Qb3+
46. Kg2 Qb7+ 47. Kh2 Qb2 48. Kg1 Qb1+ 49. Kg2 Qb7+ 50. Kf1 Qb1+ 51. Ke2 Qe4+ 52.
Kd2 Qb4+ 53. Kc2 Qc4+ 54. Kb2 Qb4+ 55. Ka2 Qc4+ 56. Ka3 Qc3+ 57. Ka4 a5 58. Kb5
Qb4+ 59. Ka6 Qc4+ 60. Ka7 Qc5+ 61. Ka8 Qxf2 62. c8=Q Qf3+ 63. Qcb7 Qf2 64. Qa7
Qf3+ 65. Qdb7 Qf5 66. Qd4+ Kh7 67. Qf4 1-0

[Event "European Rapid 2022"]
[Site "Katowice POL"]
[Date "2022.12.18"]
[Round "9.14"]
[White "Laurusas, Tomas"]
[Black "Gretarsson, Helgi Ass"]
[Result "0-1"]
[WhiteTitle "GM"]
[BlackTitle "GM"]
[WhiteElo "2567"]
[BlackElo "2451"]
[WhiteFideId "12803731"]
[BlackFideId "2300699"]
[EventDate "2022.12.17"]

1. d4 d5 2. c4 c6 3. Nc3 dxc4 4. e4 b5 5. a4 b4 6. Na2 Nf6 7. e5 Nd5 8. Bxc4 e6
9. Nf3 Be7 10. O-O a5 11. Bd2 Nd7 12. Nc1 N5b6 13. Be2 c5 14. dxc5 Nxc5 15. Nb3
Ncxa4 16. Nbd4 Bd7 17. Nb5 Nc5 18. Bg5 Bxg5 19. Nxg5 O-O 20. h4 h6 21. Qc2 hxg5
22. Qxc5 Rc8 23. Qe3 Bxb5 24. Bxb5 gxh4 25. Rfd1 Nd5 26. Qe4 Rc5 27. Bc4 Re8 28.
Rd4 Qg5 29. Re1 h3 30. g3 Ne7 31. Kh2 Nc6 32. Rd6 Nxe5 33. f4 Ng4+ 34. Kg1 Qh5
35. Rd2 Rc7 36. b3 Qc5+ 37. Kf1 Rd7 38. Rc2 Rd4 39. Qf3 Qf5 40. Rce2 Red8 41.
Kg1 a4 42. Qf1 Qc5 43. Qxh3 Rxc4+ 44. Kf1 Qf5 45. Qh4 Rcc8 46. bxa4 b3 47. a5
Rd5 48. a6 Ra5 49. Rd2 Rxa6 50. Kg2 Ra2 51. Ree2 Rxd2 52. Rxd2 Qe4+ 53. Kh3 Nf6 0-1

[Event "European Rapid 2022"]
[Site "Katowice POL"]
[Date "2022.12.18"]
[Round "9.15"]
[White "Fus, Jakub"]
[Black "Stefansson, Hannes"]
[Result "0-1"]
[WhiteTitle "FM"]
[BlackTitle "GM"]
[WhiteElo "2405"]
[BlackElo "2526"]
[WhiteFideId "1193023"]
[BlackFideId "2300087"]
[EventDate "2022.12.17"]

1. d4 Nf6 2. c4 e6 3. Nf3 b6 4. g3 Ba6 5. b3 d5 6. Bg2 Bd6 7. O-O O-O 8. cxd5
exd5 9. Nc3 Nbd7 10. Bb2 Re8 11. Re1 c6 12. Rc1 Rc8 13. Rc2 Ne4 14. e3 Ndf6 15.
a3 Qe7 16. Nxe4 dxe4 17. Ne5 Bb7 18. Qc1 c5 19. Nc4 Bb8 20. dxc5 Rxc5 21. Bd4
Rc6 22. Qb2 Bc8 23. Rec1 Bf5 24. b4 h5 25. b5 Re6 26. a4 Nd5 27. Rd2 Nb4 28. Qa3
Rc8 29. Rc3 Nd5 30. Rcc2 Nb4 31. Rc3 h4 32. Nxb6 Rxb6 33. Rxc8+ Bxc8 34. Bxb6
axb6 35. Rd4 Bd6 36. Rxe4 Qc7 37. Rxh4 Qc2 38. Be4 Qd1+ 39. Kg2 Be7 40. Bh7+ Kf8
41. Rd4 Qh5 42. Be4 Bh3+ 43. Kg1 Nc6 44. Rd6 Qe5 45. bxc6 Bxd6 46. Qd3 Qa1+ 47.
Qb1 Qxa4 48. Qc1 Qxe4 0-1

[Event "European Rapid 2022"]
[Site "Katowice POL"]
[Date "2022.12.18"]
[Round "9.16"]
[White "Dobrovoljc, Vid"]
[Black "Gavrilescu, David"]
[Result "0-1"]
[WhiteTitle "FM"]
[BlackTitle "IM"]
[WhiteElo "2384"]
[BlackElo "2522"]
[WhiteFideId "14609843"]
[BlackFideId "1227190"]
[EventDate "2022.12.17"]

1. Nf3 d5 2. g3 Nf6 3. Bg2 e6 4. O-O c5 5. d3 Nc6 6. e4 Be7 7. Qe2 O-O 8. e5 Nd7
9. c4 dxc4 10. dxc4 Qc7 11. Bf4 Nd4 12. Qe4 Nxf3+ 13. Bxf3 g5 14. Bd2 Nxe5 15.
Bg2 Ng6 16. Nc3 Bd7 17. Nb5 Qd8 18. Rad1 Bc6 19. Qg4 Bxg2 20. Kxg2 Qe8 21. Kg1
Qc6 22. Rfe1 h6 23. f4 Rfd8 24. f5 exf5 25. Qxf5 Bf8 26. Nc3 Bg7 27. Nd5 Re8 28.
Bc3 Rxe1+ 29. Rxe1 Rf8 30. Qxg6 Qxg6 31. Ne7+ Kh7 32. Nxg6 Kxg6 33. Bxg7 Kxg7
34. Re7 Rb8 35. Rc7 b5 36. Rxc5 bxc4 37. Rxc4 Rxb2 38. Ra4 h5 39. Rxa7 g4 40. a4
Kg6 41. Rc7 Ra2 42. Rc4 Kg5 43. Rb4 f5 44. h4+ gxh3 45. Rh4 Rg2+ 46. Kh1 Rxg3
47. Rb4 Rg2 48. a5 Ra2 49. Rb3 Kg4 50. Rb5 f4 51. Kg1 f3 52. Rb8 f2+ 53. Kf1 h2
54. Rb4+ Kg5 55. Rb5+ Kg6 56. Rb6+ Kf7 0-1

[Event "European Rapid 2022"]
[Site "Katowice POL"]
[Date "2022.12.18"]
[Round "9.17"]
[White "Huzman, Alexander"]
[Black "Petrovskyi, Vadym"]
[Result "1/2-1/2"]
[WhiteTitle "GM"]
[BlackTitle "FM"]
[WhiteElo "2526"]
[BlackElo "2402"]
[WhiteFideId "2803828"]
[BlackFideId "14165210"]
[EventDate "2022.12.17"]

1. Nf3 Nf6 2. c4 e6 3. g3 d5 4. Bg2 Be7 5. O-O O-O 6. d4 b6 7. cxd5 exd5 8. Nc3
Bb7 9. Bf4 Na6 10. Rc1 Re8 11. Ne5 h6 12. Qa4 Bf8 13. g4 c5 14. e3 Nc7 15. Rfd1
Ne6 16. Bg3 cxd4 17. exd4 a6 18. h3 b5 19. Qb3 Rc8 20. Ne2 Rxc1 21. Rxc1 Bd6 22.
Qd3 Ne4 23. Bh2 Qb8 24. f3 1/2-1/2

[Event "European Rapid 2022"]
[Site "Katowice POL"]
[Date "2022.12.18"]
[Round "9.18"]
[White "Chyzy, Jakub"]
[Black "Saraci, Nderim"]
[Result "0-1"]
[WhiteTitle "FM"]
[BlackTitle "IM"]
[WhiteElo "2247"]
[BlackElo "2468"]
[WhiteFideId "21806209"]
[BlackFideId "6351921"]
[EventDate "2022.12.17"]

1. e4 e5 2. Nf3 Nc6 3. Nc3 Nf6 4. a3 d6 5. d4 Be7 6. Bb5 exd4 7. Bxc6+ bxc6 8.
Nxd4 Bd7 9. O-O O-O 10. h3 Re8 11. Qf3 c5 12. Nf5 Bxf5 13. Qxf5 Nd7 14. Nd5 Nb6
15. Nxe7+ Qxe7 16. f3 Rab8 17. b4 Nd7 18. Be3 cxb4 19. axb4 Rxb4 20. Rxa7 Rc4
21. Qb5 Qe6 22. Qb3 h6 23. Rfa1 Nc5 24. Qb2 Nxe4 25. fxe4 Qxe4 26. Bf2 Rxc2 27.
Qb5 Re5 28. Qb3 Rf5 29. Qe3 Qd5 30. Ra8+ Kh7 31. R8a5 c5 32. Rf1 Rg5 33. g3 Re5
34. Qf4 Rf5 35. Qe3 Rf3 36. Rxc5 dxc5 0-1

[Event "European Rapid 2022"]
[Site "Katowice POL"]
[Date "2022.12.18"]
[Round "9.19"]
[White "Svane, Rasmus"]
[Black "Gaponenko, Inna"]
[Result "1-0"]
[WhiteTitle "GM"]
[BlackTitle "IM"]
[WhiteElo "2622"]
[BlackElo "2341"]
[WhiteFideId "4657101"]
[BlackFideId "14101181"]
[EventDate "2022.12.17"]

1. Nf3 Nf6 2. c4 g6 3. Nc3 Bg7 4. g3 d6 5. d4 O-O 6. Bg2 Nc6 7. O-O e5 8. h3 Bd7
9. Be3 exd4 10. Nxd4 Re8 11. Qd2 Nxd4 12. Bxd4 Bc6 13. Nd5 Bxd5 14. cxd5 Ne4 15.
Bxe4 Rxe4 16. Bxg7 Kxg7 17. Rac1 Qd7 18. Kg2 Kg8 19. Rc3 Rae8 20. e3 c5 21. dxc6
bxc6 22. Rfc1 Rc8 23. Qc2 c5 24. Qxe4 1-0

[Event "European Rapid 2022"]
[Site "Katowice POL"]
[Date "2022.12.18"]
[Round "9.20"]
[White "Kozak, Antoni"]
[Black "Lagarde, Maxime"]
[Result "0-1"]
[BlackTitle "GM"]
[WhiteElo "2422"]
[BlackElo "2584"]
[WhiteFideId "21832030"]
[BlackFideId "662399"]
[EventDate "2022.12.17"]

1. Nf3 f5 2. d4 Nf6 3. g3 g6 4. Bg2 Bg7 5. O-O O-O 6. Nbd2 Nc6 7. b3 d6 8. Bb2
Qe8 9. Re1 e5 10. dxe5 dxe5 11. e4 f4 12. h3 fxg3 13. fxg3 Nh5 14. Kh2 Be6 15.
Qe2 Qe7 16. Nc4 Nd4 17. Bxd4 exd4 18. Rad1 b5 19. Nb2 c5 20. Qxb5 Rxf3 21. Bxf3
Be5 22. Bxh5 Qh4 23. Qe2 Bxg3+ 24. Kg1 gxh5 25. Qa6 Bf2+ 26. Kf1 Qxh3+ 27. Ke2
Qe3+ 28. Kf1 Bh3# 0-1

[Event "European Rapid 2022"]
[Site "Katowice POL"]
[Date "2022.12.18"]
[Round "9.21"]
[White "Beliavsky, Alexander G"]
[Black "Kjartansson, Gudmundur"]
[Result "1/2-1/2"]
[WhiteTitle "GM"]
[BlackTitle "GM"]
[WhiteElo "2499"]
[BlackElo "2453"]
[WhiteFideId "14602377"]
[BlackFideId "2301318"]
[EventDate "2022.12.17"]

1. Nf3 d5 2. d4 Nf6 3. c4 e6 4. Nc3 c6 5. e3 a6 6. a4 c5 7. cxd5 exd5 8. Be2 Nc6
9. O-O Bd6 10. dxc5 Bxc5 11. b3 O-O 12. Ba3 Bxa3 13. Rxa3 Qe7 14. Ra1 Be6 15.
Nd4 Rac8 16. Rc1 Qb4 17. Na2 Qa3 18. Nxc6 Rxc6 19. Rxc6 bxc6 20. Nc3 a5 21. Nb1
Qb4 22. Nd2 Ne4 23. Nxe4 dxe4 24. Qa1 Bxb3 25. Rc1 Qd2 26. Bf1 Bxa4 27. Rc5 Bb5
28. Bxb5 cxb5 29. Rxb5 Rc8 30. g3 h6 31. Rb1 Rc2 32. Rf1 Rc5 33. Qa4 Qc2 34.
Qe8+ Kh7 35. Qxf7 a4 36. h4 a3 37. h5 Rg5 38. Ra1 Qc3 39. Rd1 Qe5 40. Rd8 Rxh5
41. Kg2 Qf6 42. Qxf6 gxf6 43. Ra8 Re5 44. Rxa3 Kg6 45. Ra7 h5 1/2-1/2

[Event "European Rapid 2022"]
[Site "Katowice POL"]
[Date "2022.12.18"]
[Round "9.22"]
[White "Hovhannisyan, Robert"]
[Black "Petursson, Margeir"]
[Result "1-0"]
[WhiteTitle "GM"]
[BlackTitle "GM"]
[WhiteElo "2597"]
[BlackElo "2437"]
[WhiteFideId "13302507"]
[BlackFideId "2300028"]
[EventDate "2022.12.17"]

1. e4 c5 2. Nf3 g6 3. c3 d5 4. exd5 Qxd5 5. d4 Bg7 6. Nbd2 Nf6 7. Bc4 Qd6 8. O-O
O-O 9. dxc5 Qxc5 10. Qe2 Nc6 11. Re1 Bd7 12. Nb3 Qh5 13. Nfd4 Qxe2 14. Bxe2 Rae8
15. Nxc6 Bxc6 16. Na5 Bd5 17. Bb5 Rc8 18. Rxe7 Ne4 19. Be3 Bf6 20. Rd7 Be6 21.
Rxb7 Nxc3 22. bxc3 Bxc3 23. Rd1 Bxa5 24. Rxa7 Bb4 25. a4 Rfd8 26. Rxd8+ Rxd8 27.
Be2 h5 28. a5 Rd5 29. a6 Ra5 30. Ra8+ Kh7 31. Bd4 g5 32. Rh8+ Kg6 33. a7 Bd5 34.
Bxh5+ Kf5 35. Bf3 Bc5 36. g4+ Kf4 37. Bxd5 Bxa7 38. Bxa7 Rxa7 39. h3 1-0

[Event "European Rapid 2022"]
[Site "Katowice POL"]
[Date "2022.12.18"]
[Round "9.23"]
[White "Psyk, Radoslaw"]
[Black "Deac, Bogdan-Daniel"]
[Result "0-1"]
[BlackTitle "GM"]
[WhiteElo "2438"]
[BlackElo "2700"]
[WhiteFideId "1182838"]
[BlackFideId "1226380"]
[EventDate "2022.12.17"]

1. e4 c6 2. d4 d5 3. Nd2 Qc7 4. Ngf3 Bg4 5. h3 Bh5 6. Bd3 e6 7. O-O Nf6 8. Re1
Be7 9. c3 O-O 10. e5 Nfd7 11. Nf1 Bg6 12. Bxg6 fxg6 13. Bg5 Qd8 14. h4 Qe8 15.
Ng3 c5 16. Qb3 Nb6 17. a4 Nc6 18. a5 Nc4 19. Qxb7 Rb8 20. Qa6 Bxg5 21. hxg5 Rxf3
22. gxf3 cxd4 23. cxd4 Qd7 24. Ne4 Nxd4 25. Red1 Nxf3+ 26. Kg2 Qf7 27. Nd6 Nh4+
28. Kf1 Ne3+ 29. Ke1 Qf3 30. b4 Nhg2+ 31. Kd2 Qxf2+ 32. Qe2 Nxd1 33. Qxf2 Nxf2
34. Rc1 Ne4+ 35. Kd3 h5 36. Rc7 h4 37. b5 h3 38. b6 axb6 39. a6 Nc5+ 40. Kd4
Nxa6 41. Rc1 Nb4 42. Rc3 Nf4 43. Rf3 h2 44. Rf1 Ne2+ 0-1

[Event "European Rapid 2022"]
[Site "Katowice POL"]
[Date "2022.12.18"]
[Round "9.24"]
[White "Morgunov, Marc"]
[Black "Kosteniuk, Alexandra"]
[Result "1/2-1/2"]
[WhiteTitle "FM"]
[BlackTitle "GM"]
[WhiteElo "2402"]
[BlackElo "2520"]
[WhiteFideId "1640305"]
[BlackFideId "4128125"]
[EventDate "2022.12.17"]

1. e4 e5 2. Nf3 Nc6 3. Bb5 a6 4. Ba4 Nf6 5. O-O Be7 6. Re1 b5 7. Bb3 O-O 8. a4
Bb7 9. d3 d6 10. Bd2 b4 11. a5 Nd7 12. Be3 Bf6 13. c3 bxc3 14. bxc3 Ne7 15. Nbd2
g6 16. Qc2 d5 17. d4 exd4 18. cxd4 Bg7 19. Bg5 Nf6 20. Bxf6 Bxf6 21. e5 Bg7 22.
Rac1 c6 23. Qc5 Bc8 24. Ba4 Bf5 25. Re3 Rb8 26. Rb3 Rxb3 27. Nxb3 Bh6 28. Rc3
Bd7 29. h3 Re8 30. Qb6 Qa8 31. Nc5 Bf5 32. Nxa6 Rc8 33. Nc7 Qb8 34. Qxb8 Rxb8
35. a6 Rb1+ 36. Kh2 Ra1 37. a7 Rxa4 38. a8=Q+ Rxa8 39. Nxa8 Be4 40. g4 Bf4+ 41.
Kg1 c5 42. dxc5 Nc6 43. Rb3 d4 44. Ne1 Nxe5 45. f3 d3 46. Nxd3 Bxd3 47. c6 Nxf3+
48. Kf2 Nd4 49. Rxd3 Nxc6 50. Nb6 Kg7 51. Nd5 Be5 52. Rb3 h5 53. gxh5 gxh5 54.
Rb7 Nd4 55. Re7 Ne6 56. Ke3 Kg6 57. Re8 Kg5 58. Kf3 Bd6 59. Rg8+ Kf5 60. Ne3+
Kf6 61. h4 Bc5 62. Nd5+ Ke5 63. Nc3 Nd4+ 64. Kg3 Nf5+ 65. Kh3 Be7 66. Rh8 Nxh4
67. Rxh5+ f5 68. Rxh4 1/2-1/2

[Event "European Rapid 2022"]
[Site "Katowice POL"]
[Date "2022.12.18"]
[Round "9.25"]
[White "Maltsevskaya, Aleksandra"]
[Black "Oleksiyenko, Mykhaylo"]
[Result "1-0"]
[WhiteTitle "IM"]
[BlackTitle "GM"]
[WhiteElo "2400"]
[BlackElo "2594"]
[WhiteFideId "24174041"]
[BlackFideId "4152417"]
[EventDate "2022.12.17"]

1. e4 e5 2. Bc4 Nf6 3. Nc3 Nc6 4. d3 g6 5. f4 Bg7 6. Nf3 d6 7. O-O O-O 8. fxe5
dxe5 9. Be3 Qd6 10. h3 Na5 11. Bb3 Nxb3 12. axb3 c5 13. Qd2 Be6 14. Nb5 Qb6 15.
c4 Nd7 16. b4 a6 17. bxc5 Qc6 18. Nc3 Nxc5 19. Nd5 Bxd5 20. cxd5 Qb5 21. Ra3
Rac8 22. b4 Nxe4 23. dxe4 Rc4 24. Ra5 Qxb4 25. Qxb4 Rxb4 26. Bc5 1-0

[Event "European Rapid 2022"]
[Site "Katowice POL"]
[Date "2022.12.18"]
[Round "9.26"]
[White "Bartel, Mateusz"]
[Black "Baum, Jonasz"]
[Result "1-0"]
[WhiteTitle "GM"]
[BlackTitle "IM"]
[WhiteElo "2627"]
[BlackElo "2420"]
[WhiteFideId "1112635"]
[BlackFideId "1195360"]
[EventDate "2022.12.17"]

1. e4 e6 2. d4 d5 3. Nc3 Bb4 4. e5 c5 5. a3 Bxc3+ 6. bxc3 Ne7 7. h4 Qc7 8. h5 h6
9. Rb1 Nbc6 10. Qg4 Rg8 11. Bd3 c4 12. Bh7 Nxe5 13. Qg3 Nd3+ 14. cxd3 Qxg3 15.
fxg3 Rh8 16. dxc4 Rxh7 17. c5 Nc6 18. Bf4 Na5 19. Nf3 Nc4 20. a4 Kd7 21. Nd2
Nxd2 22. Kxd2 Kc6 23. a5 Rh8 24. Rb4 f6 25. Re1 Re8 26. Bd6 Rd8 27. Reb1 Re8 28.
Re1 Rd8 29. Bf4 Re8 30. Rb2 Rd8 31. Ke3 Re8 32. Kf3 Rd8 33. Rb4 Re8 34. Bd6 Rd8
35. Reb1 Re8 36. Kf4 Rd8 37. Kf3 Re8 38. Rh1 Rd8 39. g4 Re8 40. g5 e5 41. dxe5
fxe5 42. g6 Bf5 43. Rf1 Bd3 44. Rf2 Rad8 45. Ke3 Ba6 46. Rf7 Rd7 47. Rb2 d4+ 48.
cxd4 exd4+ 49. Kxd4 Re2 50. Rf2 Rxf2 51. Rxf2 b6 52. Kc3 bxc5 53. Bf8 Bc8 54. g4
Rb7 55. g5 hxg5 56. h6 gxh6 57. g7 Be6 58. Rf6 1-0